000 00440nam a22001817a 4500
001 47308
003 DO-SdBNP
005 20180125105436.0
008 180124b ||| 00| 0 spa d
020 _a8481302074
040 _aBPMSU
_bspa
_c BPMSU
100 1 _aByron, Lord
245 1 0 _aDon Juan /
260 _aMadrid :
_bMilenium
_c1999
942 _2ddc
_cBK
945 _a Inventario extranjero / 2018 VM
956 _aVMATEO
_b10
_c20180124
_dBPMSU
_f0069
999 _c8584
_d8584